000 01739nam a2200397 i 4500
001 192847
003 SpMaBN
005 20250817062602.0
007 ta
008 230606s2021 sp a | |||| 001 0 spa
017 _aM 883-2021
_bOficina Depósito Legal Madrid
020 _a9788470756672
040 _aSpMaBN
_bspa
_cSpMaBN
_erda
080 _a7 Reinhardt, Ad (083.824)
100 1 _aReinhardt, Ad,
_d1913-1967
_9226621
_eaut
245 1 0 _aAd Reinhardt, el arte es el arte... y todo lo demás es todo lo demás :
_b15 de octubre de 2021 - 16 de enero de 2022 /
_cAd Reinhardt ; Manuel Fontán del Junco, María Toledo Gutiérrez (eds.) ; textos de Ad y ensayos de Lynn Zelevansky [... et al.]
264 1 _aMadrid :
_bFundación Juan March,
_c[2021]
300 _a249, [96] páginas de láminas :
_bilustraciones (blanco y negro y color) ;
_c29 cm
336 _aTexto
_aImagen fija
_2rdacontent
337 _asin mediación
_2rdamedia
338 _avolumen
_2rdacarrier
500 _aÍndice
500 _aEl catálogo se despliega en dos volúmenes independientes unidos por la cubierta y guardados en funda
504 _aBibliografía: páginas 230-238
600 1 _aReinhardt, Ad,
_d1913-1967-
_vExposiciones
_2embne
_9226622
655 7 _aCatálogos de exposiciones
_2tgfbne
_9193628
700 1 _aFontán del Junco, Manuel,
_d1963-
_epbl
_9226485
700 1 _aToledo Gutiérrez, María
_9175677
_epbl
700 1 _aZelevansky, Lynn
_9226623
_eaut
710 2 _aFundación Juan March
_eedt
_94346
740 3 _aEl arte es el arte... y todo lo demás es todo lo demás
852 _aES-MaACL
_bR.153267
_cDEPOJ
_jN-8480
_9200149
942 _n0
_cMONOGRAFIA
999 _c192847
_d192847